The revolution betrayed : (Record no. 126658)

MARC details
000 -LEADER
campo de control de longitud fija 01521 a2200241 4500
003 - IDENTIFICADOR DE NÚMERO DE CONTROL
campo de control BJBSDDR
005 - FECHA Y HORA DE LA ÚLTIMA TRANSACCIÓN
campo de control 20260320133231.0
007 - CAMPO FIJO DE DESCRIPCIÓN FÍSICA--INFORMACIÓN GENERAL
campo de control de longitud fija ta
008 - DATOS DE LONGITUD FIJA--INFORMACIÓN GENERAL
campo de control de longitud fija 200326t1972 nyu 00| 0 eng d
020 ## - NÚMERO INTERNACIONAL ESTÁNDAR DEL LIBRO
Número Internacional Estándar del Libro 9780873482264
040 ## - FUENTE DE CATALOGACIÓN
Lengua de catalogación eng
Centro/agencia transcriptor BJBSDDR
041 ## - CÓDIGO DE IDIOMA
Código de lengua del texto/banda sonora o título independiente eng
050 ## - SIGNATURA TOPOGRÁFICA DE LA BIBLIOTECA DEL CONGRESO
Número de ítem T858r 1972
100 1# - ENTRADA PRINCIPAL--NOMBRE DE PERSONA
Nombre de persona Trotsky, Leon,
Fechas asociadas al nombre 1879-1940
9 (RLIN) 6813
245 14 - MENCIÓN DEL TÍTULO
Título The revolution betrayed :
Resto del título what is the Soviet Union and where is it going? /
Mención de responsabilidad, etc. Leon Trotsky.
260 ## - PUBLICACIÓN, DISTRIBUCIÓN, ETC.
Lugar de publicación, distribución, etc. New York :
Nombre del editor, distribuidor, etc. Pathfinder Press,
Fecha de publicación, distribución, etc. 1972.
300 ## - DESCRIPCIÓN FÍSICA
Extensión 338 pg̀ina ;
Dimensiones 24 cm.
500 ## - NOTA GENERAL
Nota general Eighteenth printing<br/>Includes index
505 ## - NOTA DE CONTENIDO CON FORMATO
Nota de contenido con formato What has been achieved<br/>Economic growth and the zigzags of the leadership<br/>Socialism and the state<br/>The struggle for productivity of labor<br/>The soviet thermidor<br/>The growth of inequality and social antagonisms<br/>Family, youth and culture<br/>Foreign policy and the army<br/>What is the Soviet Union?<br/>The Soviet Union in the mirror of the new constitution<br/>Whither the Soviet Union?
520 ## - RESUMEN, ETC.
Sumario, etc. "In 1917 the working class and peasantry of Russia carried out one of the most deep-going revolutions in history. Yet within ten years a political counterrevolution was under way. Workers and peasants were driven from power by a privileged bureaucratic social layer whose chief spokeperson was Joseph Stalin. This classic study of the Soviet workers state and its degeneration illuminates the roots of the social and political crisis shaking the countries of the Soviet Union today."
942 ## - ELEMENTOS DE ENTRADA SECUNDARIOS (KOHA)
Fuente del sistema de clasificación o colocación Clasificación de Library of Congress
Tipo de ítem Koha Libro
Suprimir en OPAC No
946 ## - PROCESAMIENTO DE INFORMACIÓN LOCAL (OCLC)
Iniciales del agente catalogador dpf
Holdings
Estatus retirado Estado de pérdida Fuente del sistema de clasificación o colocación Estado de daño No para préstamo Colección Biblioteca de origen Biblioteca actual Ubicación en estantería Fecha de adquisición Signatura topográfica completa Código de barras Visto por última vez Copia número Tipo de ítem Koha
    Clasificación de Library of Congress     Automatización y Procesos Técnicos Biblioteca Juan Bosch Biblioteca Juan Bosch Automatización y Procesos Técnicos (1er. Piso) 20/03/2026 T858r 1972 00000199020 20/03/2026 1 Libro